Formal Verification of Embedded Systems (Record no. 217103)
[ view plain ]
| 000 -LEADER | |
|---|---|
| fixed length control field | 00572 a2200169 4500 |
| 003 - CONTROL NUMBER IDENTIFIER | |
| control field | Nust |
| 005 - DATE AND TIME OF LATEST TRANSACTION | |
| control field | 20170207171533.0 |
| 040 ## - CATALOGING SOURCE | |
| Transcribing agency | Nust |
| 082 ## - DEWEY DECIMAL CLASSIFICATION NUMBER | |
| Classification number | 005.1 |
| 100 ## - MAIN ENTRY--PERSONAL NAME | |
| Personal name | Ali, Sajjad (MSCS-19) |
| 245 ## - TITLE STATEMENT | |
| Title | Formal Verification of Embedded Systems |
| Statement of responsibility, etc. | Sajjad Ali |
| 260 ## - PUBLICATION, DISTRIBUTION, ETC. | |
| Place of publication, distribution, etc. | Rawalpindi |
| Name of publisher, distributor, etc. | MCS,NUST |
| Date of publication, distribution, etc. | 2015 |
| 300 ## - PHYSICAL DESCRIPTION | |
| Extent | x, 89 p |
| 500 ## - GENERAL NOTE | |
| General note | Introduction (Page-1) Literature Review (Page-10) Proposed Methodology (Page-21) Preliminaries (Page-29) Case Studies (Page-35) Results and Discussion, Future work and Conclusion (Page-75) |
| 650 ## - SUBJECT ADDED ENTRY--TOPICAL TERM | |
| Topical term or geographic name entry element | PG Thesis |
| 651 ## - SUBJECT ADDED ENTRY--GEOGRAPHIC NAME | |
| Geographic name | MSCS-19 |
| 942 ## - ADDED ENTRY ELEMENTS (KOHA) | |
| Koha item type | |
| Withdrawn status | Lost status | Source of classification or shelving scheme | Damaged status | Not for loan | Collection code | Permanent Location | Current Location | Date acquired | Total Checkouts | Full call number | Barcode | Date last seen | Price effective from | Koha item type | Shelving location |
|---|---|---|---|---|---|---|---|---|---|---|---|---|---|---|---|
| Central Library (CL) | Central Library (CL) | 11/10/2020 | 004 | CL-T-904 | 11/10/2020 | 11/10/2020 | Thesis | ||||||||
| Central Library (CL) | Central Library (CL) | 11/11/2020 | 004 | CL-T-909 | 11/11/2020 | 11/11/2020 | Thesis | ||||||||
| Military College of Signals (MCS) | Military College of Signals (MCS) | 12/12/2016 | 005.1 ALI | MCSTCS-356 | 12/08/2016 | 12/12/2016 | Book |
